Сочинения (Запись № 6151526)

Подробности
000 -МАРКЕР
контрольное поле 01560nam0a22003131 4500
001 - ИДЕНТИФИКАТОР ЗАПИСИ
контрольное поле rc\2894755
005 - ИДЕНТИФИКАТОР ВЕРСИИ
контрольное поле 20260406120154.0
035 ## - ДРУГИЕ СИСТЕМНЫЕ НОМЕРА
Идентификатор записи (NLR Aleph) 007046810
100 ## - ДАННЫЕ ОБЩЕЙ ОБРАБОТКИ
Данные общей обработки 20110726d1928 |||y0rusy50 ca
101 0# - ЯЗЫК РЕСУРСА
Язык текста, звукозаписи и т.д. русский
102 ## - СТРАНА ПУБЛИКАЦИИ ИЛИ ПРОИЗВОДСТВА
Страна публикации Российская Федерация
105 ## - ПОЛЕ КОДИРОВАННЫХ ДАННЫХ: ТЕКСТОВЫЕ МАТЕРИАЛЫ, МОНОГРАФИЧЕСКИЕ
Кодированные данные о монографическом текстовом документе c z |||||
200 1# - ЗАГЛАВИЕ И СВЕДЕНИЯ ОБ ОТВЕТСТВЕННОСТИ
Основное заглавие Сочинения
Первые сведения об ответственности А.С. Пушкин
205 ## - СВЕДЕНИЯ ОБ ИЗДАНИИ
Сведения об издании 3-е изд.
210 ## - ПУБЛИКАЦИЯ, РАСПРОСТРАНЕНИЕ И ДР.
Место издания, распространения и т.д. Москва
-- Ленинград
Имя издателя, распространителя и т. д. Гос. изд-во
Дата издания, распространения и т.д. 1928
Место изготовления Ленинград
Имя изготовителя тип. Печатный двор
215 ## - ФИЗИЧЕСКАЯ ХАРАКТЕРИСТИКА
Специфическое обозначение материала и объем XI, 610 с., [1] вкл. л. портр.
Другие сведения о физической характеристике портр.
Размеры 27×19 см
300 ## - ОБЩИЕ ПРИМЕЧАНИЯ
Текст примечания Обложка: А. Лео
300 ## - ОБЩИЕ ПРИМЕЧАНИЯ
Текст примечания Редакция Б. Томашевского и К. Халабаева
327 0# - ПРИМЕЧАНИЯ О СОДЕРЖАНИИ
Текст примечания Вступительная статья: Томашевский Б.В. "Пушкин: Биографический очерк"
464 #0 - АНАЛИТИЧЕСКИЙ УРОВЕНЬ
Встроенное поле 2001#$aПушкин$eБиографический очерк
-- 700#1$aТомашевский$bБ.В.$gБорис Викторович$4070
Заглавие Пушкин
Автор Томашевский, Борис Викторович
700 #1 - ИМЯ ЛИЦА - ПЕРВИЧНАЯ ОТВЕТСТВЕННОСТЬ
Материалы, к которым относится поле rus
Графика поля Кириллица
Начальный элемент ввода Пушкин
Часть имени, кроме начального элемента ввода А. С.
Дополнения к именам, кроме дат поэт
Даты 1799-1837
Расширение инициалов личного имени Александр Сергеевич
Идентификатор авторитетной/нормативной записи RU\NLR\AUTH\77386
Системный номер авторитетной/нормативной записи 110441
702 #1 - ИМЯ ЛИЦА - ВТОРИЧНАЯ ОТВЕТСТВЕННОСТЬ
Начальный элемент ввода Томашевский
Часть имени, кроме начального элемента ввода Б.В.
Расширение инициалов личного имени Борис Викторович
Код отношения Редактор
702 #1 - ИМЯ ЛИЦА - ВТОРИЧНАЯ ОТВЕТСТВЕННОСТЬ
Код отношения Редактор
Графика поля Кириллица
Материалы, к которым относится поле rus
Начальный элемент ввода Халабаев
Часть имени, кроме начального элемента ввода К. И.
Даты 1886-1941
Расширение инициалов личного имени Константин Иванович
Системный номер авторитетной/нормативной записи 234644
Идентификатор авторитетной/нормативной записи RU\NLR\AUTH\770234700
801 #0 - ИСТОЧНИК ЗАПИСИ
Страна Российская Федерация
Организация NLR
Правила каталогизации psbo
801 #1 - ИСТОЧНИК ЗАПИСИ
Страна Российская Федерация
Организация ELAR
Источник данных rusmarc
852 ## - МЕСТОНАХОЖДЕНИЕ И ШИФР ХРАНЕНИЯ
Идентификатор организации NLR
Шифр хранения (Call Number) 55/353
942 ## - ДОПОЛНИТЕЛЬНЫЕ ЭЛЕМЕНТЫ ЗАПИСИ (АБИС)
Тип экземпляра АБИС Книга
980 ## - КОЛЛЕКЦИЯ
Название коллекции Национальная библиография
Экземпляры
Тип экземпляра Дата поступления Библиотека постоянного хранения Библиотека текущего хранения Место хранения Шифр хранения Штрих-код Статус экземпляра
Книга 26.10.2013 РНБ (Садовая) РНБ (Садовая) Русский книжный фонд -Главное здание, Ленинский читальный зал 55/353 7046810-10